000 00273nam a22001337a 4500
020 _a0-7214-0470-7
082 _a823
100 _aHUNIA, FRAN
245 _aTHREE LITTLE PIGS
260 _aUK
_bLADY BIRD
300 _a51
650 _aENGLISH SHORT STORY
_zUK
942 _cBK
999 _c2627
_d2627